RICS UK commercial real estate agency standards (Record no. 115832)

MARC details
000 -LEADER
fixed length control field 01704cad a22002775a 4500
001 - CONTROL NUMBER
control field L159356
008 - FIXED-LENGTH DATA ELEMENTS--GENERAL INFORMATION
fixed length control field 161028s2016 xxk f 000 0 eng d
020 ## - INTERNATIONAL STANDARD BOOK NUMBER
International Standard Book Number 9781783211654
035 ## - SYSTEM CONTROL NUMBER
System control number (Sirsi) u159356
041 0# - LANGUAGE CODE
Language code of text/sound track or separate title eng
110 2# - MAIN ENTRY--CORPORATE NAME
Corporate name or jurisdiction name as entry element Royal Institution of Chartered Surveyors
9 (RLIN) 4900
245 08 - TITLE STATEMENT
Title RICS UK commercial real estate agency standards
Remainder of title RICS Professional Statement October 2016
Medium [electronic resource]
250 ## - EDITION STATEMENT
Edition statement 1st ed
260 ## - PUBLICATION, DISTRIBUTION, ETC.
Place of publication, distribution, etc. Coventry
Name of publisher, distributor, etc. RICS
Date of publication, distribution, etc. 2016
490 #0 - SERIES STATEMENT
Series statement RICS Purple Book
490 #0 - SERIES STATEMENT
Series statement RICS Professional Statement UK
520 ## - SUMMARY, ETC.
Summary, etc. Sets out the responsibilities of commercial property agents to ensure they are working to the highest ethical and professional standards. Outlines the principles that shape the culture of fairness and transparency that underpin all activities undertaken by real estate agents within whichever country of practice. These principles are then developed for the UK market later in the document. Covers standards and ethics, securing instructions, marketing the property, implementing the disposal, acquisitions and ending the instruction. Concludes Appendix A Glossary of terms used.
520 ## - SUMMARY, ETC.
Summary, etc. This professional statement was amended January 2022 to update references to the RICS Rules of Conduct
520 ## - SUMMARY, ETC.
Summary, etc. Supersedes RICS UK Commercial Real Estate Agency Standards 1st ed Guidance Note ISBN 978184219704
590 ## - LOCAL NOTE (RLIN)
Local note KA
651 #4 - SUBJECT ADDED ENTRY--GEOGRAPHIC NAME
Geographic name United Kingdom
690 ## - LOCAL SUBJECT ADDED ENTRY--TOPICAL TERM (OCLC, RLIN)
Topical term or geographic name as entry element Commercial property
9 (RLIN) 6227
690 ## - LOCAL SUBJECT ADDED ENTRY--TOPICAL TERM (OCLC, RLIN)
Topical term or geographic name as entry element SALES
9 (RLIN) 6269
856 40 - ELECTRONIC LOCATION AND ACCESS
Uniform Resource Identifier <a href="https://www.rics.org/profession-standards/rics-standards-and-guidance/sector-standards/real-estate-standards/uk-commercial-real-estate-agency">https://www.rics.org/profession-standards/rics-standards-and-guidance/sector-standards/real-estate-standards/uk-commercial-real-estate-agency</a>
Public note Available free on RICS.org
942 ## - ADDED ENTRY ELEMENTS (KOHA)
Suppress in OPAC 0
Source of classification or shelving scheme Dewey Decimal Classification
Holdings
Withdrawn status Lost status Source of classification or shelving scheme Damaged status Not for loan Home library Current library Shelving location Date acquired Total Checkouts Full call number Barcode Date last seen Copy number Price effective from Koha item type
    Dewey Decimal Classification     Virtual Virtual Online 28/10/2016   ONLINE PUBLICATION 159356-2001 13/04/2023 1 06/08/2019 Online material